| 000 | 01166nam0a2200337 i 4500 | ||
|---|---|---|---|
| 001 | RU\NLR\bibl\2056291 | ||
| 005 | 20240723105740.0 | ||
| 010 |
_a9785905948428 _9100 |
||
| 021 |
_aRU _b2013-50351 _93483 |
||
| 035 | _a(nilc)RuMoRGB-006599337 | ||
| 035 | _a(NLR Aleph) 002043182 | ||
| 090 |
_a4605931 _c4605931 |
||
| 100 | _a20130702d2013 u y0rusy50 ca | ||
| 101 | 1 |
_arus _cspa |
|
| 102 | _aRU | ||
| 105 | _aa zzzz||||| | ||
| 200 | 1 |
_aВыдумки Боро _e[для младшего школьного возраста] _fБраулио Льямеро _g[пер. с исп. А. Минаевой _gил. Н. Блау и А. Подвысоцкая] |
|
| 210 |
_aМосква _c[б. и.] _d2013 |
||
| 215 |
_a75 с. _cцв. ил. _d20 |
||
| 686 | _aШ9(4Ис)60-4 | ||
| 700 | 1 |
_aЛьямеро _bБ. _f1956- _gБраулио _4070 |
|
| 702 | 1 |
_aБлау _bН. _4040 |
|
| 702 | 1 |
_aПодвысоцкая _bА. _4040 |
|
| 801 | 0 |
_aRU _bRuMoRKP _c20130702 _gRCR |
|
| 801 | 2 |
_aRU _bРГБ _c20130708 _grcr |
|
| 801 | 1 |
_aRU _bRuMoRKP _c20130702 _2rusmarc |
|
| 801 | 2 |
_aRU _bNLR _c20130723 _grcr |
|
| 942 | _cBOOK | ||
| 980 | _aNBR | ||